00918nam a22002177a 4500003000400000005001700004008003600021040002500057082001500082100003700097245015100134246012800285260003700413300002100450504003100471590002600502910001400528942001400542952012700556999001700683OSt20201124073024.0130909s2006 dr 001 0 spa d aDO-SdBNPbspacBNPHU axxxxbI73h1 aIsa Conde, Narciso956903d1942-10aHacia la verdadera democracia y el nuevo socialismo :bimperialismo actual y transición revolucionaria en nuestra américa /cNarciso Isa Conde aHacia la nueva democracia y el nuevo socialismo :bimperialismo actual y transición revolucionaria en nuestra américa / aSanto Domingo:bTropical;c2006. a128 p. ;c21 cm. aBibliografía: p. 127-128 aInventariado,2020/ YL aYLockward 2ddccLBS1 00102ddc51718PDaBNPHUbBNPHUcCTd2019-08-20eIrma Rodríguezl0oxxxx I73hp2020-0570r2020-11-24w2020-11-24yLFPD c49188d49188